[Event "18th Aeroflot Open-A 2020"]
[Site "Moscow"]
[Date "2020.02.24"]
[Round "6.10"]
[White "Vaibhav, Suri"]
[Black "Artemiev, Vladislav"]
[Result "1-0"]
[WhiteElo "2591"]
[BlackElo "2728"]
[Annotator "TA"]
[PlyCount "109"]
[EventDate "2020.02.19"]
[EventType "swiss"]
[EventCountry "RUS"]
[SourceTitle "playchess.com"]
[Source "ChessBase"]
[SourceQuality "1"]

{[%evp 18,109,31,22,30,25,33,18,24,10,47,39,38,32,66,54,110,96,116,111,109,120,123,122,177,161,203,193,185,199,187,193,194,172,231,221,222,206,259,244,299,304,300,301,356,365,427,418,362,324,293,298,278,219,239,218,202,205,359,268,579,577,544,537,929,924,1039,1011,929,762,1299,1268,967,804,618,0,1323,1308,1437,1552,2153,2090,29978,29979,29980,29981,29981,29982,29982,29983,29981,29982,29988,29988]} 1. e4 c5 2. Nf3 d6 3. d4 cxd4 4. Nxd4 Nf6 5. f3 Nc6 6. Nc3 e5 7. Nb3 Be7 8. Be3 O-O 9. Qd2 a5 10. Bb5 Na7 {B56: Classical Sicilian: Unusual Lines.} 11. Bxa7 Rxa7 12. a4 Be6 {The position is equal.} 13. O-O-O Ne8 {Strongly threatening ...Bg5.} 14. Kb1 Nc7 {[#]} 15. f4 $146 (15. Be2 {is interesting.} Qa8 16. h4 Rd8 17. Qe3 b6 18. f4) ({Predecessor:} 15. Qd3 Nxb5 16. Nxb5 Ra6 17. c4 Qc8 18. Nd2 Qc5 19. Rhe1 Rc6 20. b3 Bd8 21. Nf1 {1-0 (42) Lagarde,M (2616)-Soumya,S (2428) Sitges 2018}) 15... exf4 16. Qxf4 Bxb3 (16... Qb8 $14) 17. cxb3 $16 Nxb5 18. Nxb5 (18. axb5 Ra8 $14) 18... Ra6 19. Rd5 Rc6 20. Rhd1 Qb6 (20... Qe8 $16 21. Qg4 (21. Nxd6 Bxd6 22. Rxd6 b5 $16) 21... Rc5) 21. Nd4 $1 $18 Rc5 22. Nf5 $1 {[%cal Rf5e7]} Bf6 23. Qxd6 Rxd5 (23... Qxb3 24. Qxf8+ $1 {[%mdl 512]} Kxf8 25. Rd8+ $1 {[%mdl 512]} Bxd8 26. Rxd8#) 24. Qxd5 ({Don't take} 24. Qxb6 $6 Rxd1+ 25. Ka2 Rd2 $14) 24... Qf2 {[%csl Gf6][%cal Rf2b2] [#]} 25. Rd2 $1 {[%cal Rd2f2]} Qg1+ 26. Ka2 {Hoping for e5.} Qxh2 27. Qxa5 ({Much less strong is} 27. Qxb7 $6 h6 $16) 27... Qf4 28. Qd5 g6 29. Nd6 b6 30. Re2 Qf1 31. Rc2 Bg7 32. e5 h5 33. Rc8 Rxc8 34. Nxc8 Qf2 35. b4 Qf4 36. Nxb6 {aiming for Nc4.} Qxb4 37. a5 {[%cal Ba4a5,Ba5a6][%mdl 32]} h4 $2 (37... Bf8 {keeps fighting.} 38. Nc4 Qa4+ 39. Kb1 Be7) 38. Nc4 Kh7 $2 (38... Qa4+ 39. Kb1 Kh7) 39. b3 {[%cal Bb2b3,Bb3b4][%mdl 32]} Qe1 40. a6 Qf2+ {[#]} 41. Ka3 $1 Bf8+ 42. b4 Kh8 43. Nd6 Qc2 44. Nxf7+ Kh7 45. Ng5+ Kh6 46. Nf7+ (46. Ne4 $142 Qc8 47. Qd3) 46... Kh7 47. Nd6 Bg7 {[#]} 48. Qe4 $1 Qf2 49. Nb5 Bh6 50. a7 {White mates.} Bc1+ 51. Kb3 Qb2+ 52. Kc4 Qa2+ 53. Kc5 Qf2+ 54. Kc6 Qf8 55. Nc7 {White took control after the opening. Accuracy: White = 97%, Black = 41%.} 1-0

[Event "18th Aeroflot Open-A 2020"]
[Site "Moscow"]
[Date "2020.02.24"]
[Round "6.11"]
[White "Cordova, Emilio"]
[Black "Sargissian, Gabriel"]
[Result "1/2-1/2"]
[WhiteElo "2593"]
[BlackElo "2689"]
[Annotator "TA"]
[PlyCount "81"]
[EventDate "2020.02.19"]
[EventType "swiss"]
[EventCountry "RUS"]
[SourceTitle "playchess.com"]
[Source "ChessBase"]
[SourceQuality "1"]

{[%evp 13,81,11,20,1,8,17,15,14,22,17,14,1,4,9,8,0,0,0,0,0,77,77,83,89,102,56,56,56,56,56,56,45,104,104,104,104,104,105,121,55,114,53,57,43,69,0,54,39,94,0,0,0,0,0,0,0,0,0,0,0,0,0,0,0,0,0,0,0,0,0]} 1. Nf3 d5 2. d4 Nf6 3. c4 e6 4. g3 Bb4+ 5. Nbd2 O-O 6. Bg2 b6 7. O-O Bb7 8. b3 {E16: Queen's Indian: 4 g3 Bb7 5 Bg2 Bb4+.} Nbd7 9. Bb2 Qe7 10. e3 a5 11. a3 Bd6 12. Ne5 Bxe5 13. dxe5 Ne4 {[#]} 14. Nxe4 $146 ({Predecessor:} 14. Bd4 Ndc5 15. Nxe4 dxe4 16. Bxc5 Qxc5 17. Qd4 Rfd8 18. Qxc5 bxc5 19. Rfd1 Kf8 20. Kf1 {½-½ (30) Heyken,E (2325)-Rother,C Germany 1987}) 14... dxe4 15. b4 axb4 16. axb4 Rxa1 (16... Qxb4 $11 {remains equal.} 17. Rxa8 Bxa8) 17. Bxa1 $16 Rd8 18. Qb1 Nb8 19. Rd1 ({Much weaker is} 19. Bxe4 $6 Bxe4 20. Qxe4 Qxb4 $11) 19... Rxd1+ 20. Qxd1 Na6 21. Bc3 g6 22. Qb1 Qf8 (22... Qd7 $14) 23. b5 Nc5 24. Bb4 Qa8 25. Bxc5 $1 bxc5 {[#]} 26. h4 (26. Qd1 $1 $16) 26... Kg7 (26... Qa4 $14) 27. Kh2 (27. Qd1 $16) 27... h5 28. Qc2 Kf8 29. Qb1 Kg7 30. Kh3 Kf8 ({Black should play} 30... Qa3 $14) 31. b6 ({Better is} 31. Qd1 $16) 31... Qa5 $11 {The position is equal.} 32. bxc7 Qxc7 33. Bxe4 Ba6 34. Bd3 Qxe5 35. Qb6 Bxc4 $1 36. Bxc4 Qf5+ {[%mdl 64] [#] Double Attack} 37. Kh2 {Threatens to win with Qb2.} Qxf2+ {[%mdl 64] Double Attack} 38. Kh1 Qxe3 {White must now prevent ...Qc1+.} 39. Qd6+ Kg7 {And now ...Qe4+ would win.} 40. Qf4 Qxf4 41. gxf4 {Accuracy: White = 79%, Black = 80%.} 1/2-1/2

[Event "18th Aeroflot Open-A 2020"]
[Site "Moscow"]
[Date "2020.02.24"]
[Round "6.12"]
[White "Wagner, Dennis"]
[Black "Maghsoodloo, Parham"]
[Result "0-1"]
[WhiteElo "2590"]
[BlackElo "2674"]
[Annotator "TA"]
[PlyCount "114"]
[EventDate "2020.02.19"]
[EventType "swiss"]
[EventCountry "RUS"]
[SourceTitle "playchess.com"]
[Source "ChessBase"]
[SourceQuality "1"]

{[%evp 10,114,8,2,33,25,20,8,8,19,32,25,39,35,40,36,42,19,61,54,89,64,89,80,76,15,16,25,39,-16,-12,-7,-12,-3,-10,-45,-45,-45,-45,-45,-45,-45,-37,-45,-38,-37,-37,-51,-41,-42,-37,-37,-37,-37,-37,-37,-37,-61,-61,-61,-61,-61,-61,-61,-61,-61,-61,-61,-61,-61,-29,-29,-29,-29,-29,-29,-29,-29,0,0,-8,-8,-8,-8,-8,-8,-8,-8,-8,-8,-4,-8,-4,-1661,-1578,-1060,-1039,-5310,-5436,-29968,-29969,-29967,-29947,-29974,-29975,-29975,-29976]} 1. d4 Nf6 2. c4 e6 3. Nf3 d5 4. Nc3 Bb4 5. Qa4+ Nc6 6. e3 Bd7 {White must now prevent ...Nxd4! D38: Queen's Gambit Declined: Ragozin Defence (4 Nf3 Bb4).} 7. Qc2 O-O 8. a3 Bxc3+ {The position is equal.} 9. Qxc3 a5 10. b3 {[#]} Ne4 $146 ({Predecessor:} 10... a4 11. b4 dxc4 12. Bxc4 Na7 13. Qc2 Bc6 14. O-O Bb5 15. Nd2 Bxc4 16. Nxc4 Nb5 {1-0 (32) Lupulescu,C (2643)-Baratosi,D (2403) Calimanesti 2014}) 11. Qc2 f5 12. Bd3 Be8 13. Bb2 Bg6 14. O-O f4 15. Rae1 Qe7 16. exf4 Rxf4 {[#]} 17. Nd2 (17. cxd5 $1 $16 exd5 18. Nd2) 17... Nxd2 $1 $11 18. Qxd2 {Bxg6 is the strong threat.} Bxd3 19. Qxf4 (19. Qxd3 $14 Qf6 20. cxd5 exd5 21. Qb5) 19... Qf7 $36 {[%mdl 2048] Black has good play.} 20. Qxf7+ Kxf7 21. cxd5 exd5 22. Re3 Bxf1 23. Kxf1 $15 {[%mdl 4096] Endgame KRB-KRN} a4 24. b4 Na7 25. Rf3+ Kg8 26. Rf5 Rd8 27. Re5 Kf7 28. Ke2 g6 29. Kd3 h5 30. Bc1 Rd6 31. f3 Nb5 32. h3 c6 33. Re2 h4 34. Re1 Re6 35. Rxe6 Kxe6 {KB-KN} 36. Ke3 Kf5 37. Kd3 Nc7 38. Ke2 g5 39. Kf2 b6 40. g4+ hxg3+ 41. Kxg3 Nb5 42. Bb2 Nd6 43. Bc1 Nc4 44. Kf2 Kg6 45. Kg3 Nd6 {next ...Kh5 is good for Black.} 46. f4 Nf5+ 47. Kg4 gxf4 ({Much weaker is} 47... Nxd4 $6 48. fxg5 Kf7 49. h4 $16) 48. Bb2 {[#]} f3 $1 {[%mdl 512]} 49. Kxf3 Kg5 50. Bc1+ Kh4 51. Kf4 $2 {[%mdl 8192] Now White is beyond hope.} (51. Bb2 $11) 51... Nxd4 $19 52. Ke5 Nb5 53. Ke6 {[#]} Nxa3 $1 {[%mdl 512]} 54. Kd6 (54. Bxa3 d4) 54... Nc4+ {Black mates.} 55. Kxc6 a3 56. Bxa3 Nxa3 57. Kxd5 b5 {Accuracy: White = 75%, Black = 88%.} 0-1

[Event "18th Aeroflot Open-A 2020"]
[Site "Moscow"]
[Date "2020.02.24"]
[Round "6.13"]
[White "Visakh N R"]
[Black "Rakhmanov, Aleksandr"]
[Result "1/2-1/2"]
[WhiteElo "2518"]
[BlackElo "2645"]
[Annotator "TA"]
[PlyCount "59"]
[EventDate "2020.02.19"]
[EventType "swiss"]
[EventCountry "RUS"]
[SourceTitle "playchess.com"]
[Source "ChessBase"]
[SourceQuality "1"]

{[%evp 9,59,6,4,4,16,16,16,17,11,14,18,16,16,16,22,12,21,17,24,13,21,0,0,0,0,0,0,0,0,0,0,-22,-29,-20,-16,-30,0,-1,0,0,1,0,0,0,0,0,0,0,0,0,0,0]} 1. d4 d5 2. c4 e6 3. Nf3 Nf6 4. Nc3 a6 5. c5 b6 6. cxb6 {D37: Queen's Gambit Declined: 5 Bf4.} cxb6 7. Bf4 Bd6 8. e3 Bxf4 9. exf4 O-O 10. Bd3 {[#]} Nc6 $146 ({Predecessor:} 10... Qd6 11. g3 Bb7 12. Qe2 Nc6 13. O-O Nb4 14. Bb1 Rfc8 15. Ne5 Rc7 16. Rd1 Rac8 {½-½ (60) Georgiev,K (2582)-Nevednichy,V (2518) Bucharest 2019}) 11. O-O Qd6 12. g3 Bd7 13. Rc1 Rfc8 14. Re1 b5 15. Bb1 Ne7 16. Ne5 b4 17. Ne2 Bb5 18. Rxc8+ Rxc8 19. Nc1 Qb6 20. Qd2 a5 21. f3 Bc4 22. Kg2 Nc6 23. Nxc6 {The position is equal.} Qxc6 24. g4 Nd7 25. f5 Nf8 26. fxe6 Nxe6 27. Bf5 Re8 28. Bxe6 Rxe6 29. Rxe6 Qxe6 30. Nb3 {An uneventful encounter. Accuracy: White = 100%, Black = 94%.} 1/2-1/2

[Event "18th Aeroflot Open-A 2020"]
[Site "Moscow"]
[Date "2020.02.24"]
[Round "6.14"]
[White "Sethuraman, S.P."]
[Black "Shimanov, Aleksandr"]
[Result "1/2-1/2"]
[WhiteElo "2641"]
[BlackElo "2587"]
[Annotator "TA"]
[PlyCount "153"]
[EventDate "2020.02.19"]
[EventType "swiss"]
[EventCountry "RUS"]
[SourceTitle "playchess.com"]
[Source "ChessBase"]
[SourceQuality "1"]

{[%evp 24,153,31,29,32,22,48,27,24,27,49,63,53,45,68,62,68,68,60,61,77,61,73,68,73,66,66,59,66,68,67,66,86,62,101,97,83,95,107,73,97,97,83,44,44,34,131,123,160,134,144,133,136,137,143,70,72,79,86,64,60,65,67,70,72,66,164,158,148,149,162,152,159,0,0,0,0,0,1,0,71,0,0,0,0,3,8,8,8,0,0,0,23,41,85,0,0,0,0,0,0,0,0,0,0,0,0,0,0,0,0,0,0,-8,-8,-8,-8,-8,-8,-8,-8,-8,-8,-8,-8,-8,-8,-8,-8,-8,-8,-8]} 1. e4 d5 2. exd5 Qxd5 3. Nc3 Qa5 4. d4 Nf6 5. Nf3 c6 6. Bc4 Bf5 7. Bd2 Nbd7 8. Qe2 Qc7 9. O-O-O e6 10. Nh4 Bg6 11. Nxg6 hxg6 12. h3 O-O-O 13. Bb3 Nb6 {B01: Scandinavian Defence.} 14. Bg5 Be7 15. Qf3 {[#]} Nfd5 $146 {White has an edge.} ({Predecessor:} 15... Nbd5 16. Bxd5 Nxd5 17. Bxe7 Qxe7 18. Ne4 Nf6 19. Nc5 Rd5 20. Rd3 Rhd8 21. Rb3 Rxd4 22. Nxb7 R8d5 23. Na5 Qc7 24. Nb7 Ne4 25. Qe3 Qd7 26. Qe2 Rd2 27. Qf1 Nxf2 {0-1 (27) Balajayeva,K (2397)-Ning,K (2224) Moscow 2019}) 16. Ne4 Bxg5+ 17. Nxg5 Qe7 18. Qg3 ({Wrong is} 18. Nxf7 $2 Rhf8 $19) 18... Nf6 19. h4 Nh7 20. Nf3 Nf6 {White must now prevent ...Ne4.} 21. Rhe1 Nbd5 22. Ng5 Rd7 23. Kb1 Qd8 24. c4 Nb6 25. Nf3 Rf8 26. Qf4 Qc7 27. Ne5 c5 28. g3 Rxd4 29. Rxd4 cxd4 30. Qxd4 Rd8 31. Qe3 Kb8 32. c5 $36 {[%mdl 2048] White has strong initiative.} Nbd5 33. Qd4 Ne7 $1 34. Qf4 Rf8 (34... Nc6 $14) 35. c6 $16 bxc6 36. Qb4+ Ka8 37. Nxc6 Re8 38. Ne5 Rb8 39. Qc3 ({White should play} 39. Qd2 $16) 39... Qxc3 $14 40. bxc3 Rf8 41. Kc2 Kb7 42. Ba4 Nfd5 43. Bb5 Kc7 44. a4 {[%cal Ba2a4,Ba4a5,Ba5b6][%mdl 32]} Nb6 (44... Nf5 $14) 45. c4 $18 a6 46. a5 $1 {[%cal Ra5b6]} ({Don't take} 46. Bxa6 Nxa4 47. Bb5 Nc5 $14) 46... axb5 47. axb6+ $16 {[%mdl 4096] Endgame KRN-KRN} Kb7 48. c5 $2 ({Only move:} 48. cxb5 $16 Nd5 49. Kb3) 48... Nc6 $11 49. Nd3 Ra8 50. Re4 Ra2+ 51. Kb3 Rd2 {[#]} (51... Ra8 $11 {remains equal.}) 52. Kc3 (52. Re3 $1 $16) 52... Ra2 53. g4 Ra3+ 54. Kc2 Ra8 55. g5 Rd8 56. Kc3 Rd5 $1 57. Rf4 Rd7 58. Rf3 e5 {[#] Hoping for ...e4.} 59. Re3 (59. Nc1 $1 $16) 59... Rd5 {The position is equal.} 60. Re4 f5 61. gxf6 $1 gxf6 62. Rg4 Ne7 63. Rb4 Kc6 64. Re4 Kb7 65. Rb4 Kc6 66. f4 {fxe5 is the strong threat.} Rd7 {Strongly threatening ...Nd5+.} 67. Re4 Nd5+ 68. Kb3 (68. Kc2 {is more complex.} Nxf4 69. Nxf4 exf4 70. Rxf4 Rf7 71. Rg4) 68... Nxb6 {[#]} 69. Nxe5+ $1 {[%mdl 512]} fxe5 70. cxb6 exf4 71. Rxf4 {KR-KR} Rd6 72. Rg4 Kxb6 73. Rg5 $1 Ka5 74. h5 gxh5 75. Rxh5 Rd3+ 76. Kc2 Rf3 77. Rh4 $1 {Accuracy: White = 90%, Black = 88%.} 1/2-1/2

[Event "18th Aeroflot Open-A 2020"]
[Site "Moscow"]
[Date "2020.02.24"]
[Round "6.15"]
[White "Martirosyan, Haik M."]
[Black "Erigaisi Arjun"]
[Result "0-1"]
[WhiteElo "2630"]
[BlackElo "2563"]
[Annotator "TA"]
[PlyCount "90"]
[EventDate "2020.02.19"]
[EventType "swiss"]
[EventCountry "RUS"]
[SourceTitle "playchess.com"]
[Source "ChessBase"]
[SourceQuality "1"]

{[%evp 14,90,14,0,0,0,7,6,17,6,10,-6,4,-39,-17,-11,0,0,19,14,26,0,39,25,24,2,16,0,29,-11,0,0,0,-134,-126,-145,-147,-147,-137,-152,-149,-151,-151,-175,-162,-170,-172,-160,-115,-143,-85,-86,-72,-76,-75,-68,-71,-98,-102,-114,-110,-133,-123,-191,-162,-292,-310,-341,-341,-341,-341,-341,-341,-341,-341,-1163,-961,-6087,-5065]} 1. e4 c5 2. Nf3 Nc6 3. Bb5 g6 4. O-O Bg7 5. Re1 e5 6. c3 Nge7 7. d3 O-O 8. Nbd2 d6 {B31: Sicilian: 2...Nc6 3 Bb5 g6.} 9. a3 h6 10. b4 Be6 {The position is equal.} 11. Bb2 a6 {[#]} 12. Ba4 $146 ({Predecessor:} 12. Bc4 Qd7 13. Qe2 b5 14. Bxe6 Qxe6 15. Nf1 cxb4 16. cxb4 Rad8 17. N1d2 Rfe8 18. Rac1 {½-½ (26) Martin Rueda,D (2277)-Amigo Villalta,J (2130) Mondariz 2003}) 12... Qd7 13. b5 axb5 14. Bxb5 Nc8 15. a4 N8a7 16. Bc4 Rad8 17. Qc2 f5 18. Bxe6+ Qxe6 19. Rad1 d5 20. Ba3 b6 21. Qa2 Qf7 22. Rb1 Nc8 23. h3 (23. exf5 $11 {remains equal.} Qxf5 24. c4) 23... dxe4 $17 {[%mdl 64] Discovered Attack} 24. Qxf7+ Rxf7 25. dxe4 Ra7 26. a5 Rxa5 27. Bc1 Ra4 28. g4 fxg4 29. hxg4 Rd3 30. Bb2 Nd6 31. Re2 {intending Ne1.} Nc4 (31... Nb5 $142 32. Kg2 Nc7) 32. Nxc4 Rxc4 33. Ne1 Rd6 34. Ra1 b5 35. Nc2 b4 36. cxb4 cxb4 37. f3 Rd3 38. Kf2 (38. Ra8+ $17 Rd8 39. Rxd8+ Nxd8 40. Ne3) 38... Bf8 $1 $19 39. Ra6 (39. Kg3 $142) 39... b3 40. Ne3 Bc5 $1 {Hoping for ...Nb4.} 41. Rxc6 Rxe3 42. Rxg6+ {[#]} Kf7 $1 43. Rc6 {[#] If only White now had time for Kf1....} Ke7 $1 44. Rc7+ $2 (44. Kf1 Rxe2 45. Kxe2 Rc2+ 46. Kd3) 44... Kd8 45. Bxe5 Rexe4+ $1 {[%mdl 64] Discovered Attack. Accuracy: White = 53%, Black = 90%.} 0-1

[Event "18th Aeroflot Open-A 2020"]
[Site "Moscow"]
[Date "2020.02.24"]
[Round "6.16"]
[White "Asadli, Vugar"]
[Black "Deac, Bogdan-Daniel"]
[Result "1/2-1/2"]
[WhiteElo "2538"]
[BlackElo "2626"]
[Annotator "TA"]
[PlyCount "101"]
[EventDate "2020.02.19"]
[EventType "swiss"]
[EventCountry "RUS"]
[SourceTitle "playchess.com"]
[Source "ChessBase"]
[SourceQuality "1"]

{[%evp 17,101,-6,-9,-29,-17,-35,-33,-18,0,0,0,0,0,0,0,0,24,29,20,22,55,53,50,48,80,36,27,0,24,25,30,23,43,28,35,29,34,79,79,81,81,0,0,0,0,0,0,0,0,0,0,0,0,0,0,0,0,0,0,0,0,0,0,0,0,0,0,0,0,0,0,0,0,0,0,0,0,0,0,0,0,0,0,0,0,0]} 1. e4 c5 2. Nc3 d6 3. f4 g6 4. Nf3 Bg7 5. d4 cxd4 6. Nxd4 Nc6 7. Be3 Nf6 8. Be2 O-O 9. Nb3 e5 10. O-O {B72: Sicilian Dragon: 6 Be3, lines with h3+Bc4 and sidelines.} exf4 11. Bxf4 Re8 12. Qxd6 {Black is slightly better.} Qxd6 13. Bxd6 Nxe4 14. Nxe4 Rxe4 15. Bf3 Re6 16. Ba3 {[#]} Nd4 $146 ({Predecessor:} 16... Re8 17. Rad1 Ne5 18. Bd5 Bg4 19. Rd4 Be6 20. Bxb7 Bxb3 21. Bxa8 Nf3+ 22. Bxf3 Bxd4+ {0-1 (45) Jones,G (2688)-Abdusattorov,N (2608) Douglas 2019}) 17. Nxd4 $1 Bxd4+ 18. Kh1 {Threatening Rad1.} Rb6 19. Rad1 Bf6 20. c4 Kg7 $1 21. c5 Re6 22. Rd3 a5 23. b3 Raa6 24. Bg4 {[#] Threatens to win with Rdf3.} Rec6 25. Bxc8 Rxc8 26. Rdf3 {Hoping for Rxf6!} g5 27. Rxf6 {[%mdl 64] Remove Defender} Rxf6 $14 {[%cal Rf6f1][%mdl 4096] Endgame KRR-KRB} 28. Bb2 {[%mdl 64] Pin} Rcc6 {[#]} 29. h3 (29. h4 $1 $16 gxh4 30. Rf4 {[%mdl 64] Pin}) 29... Kg6 {The position is equal.} 30. Bxf6 Rxf6 $11 {KR-KR} 31. Rd1 Rf5 32. Rd7 Rxc5 33. Rxb7 h5 34. a4 Rc1+ 35. Kh2 h4 36. Rb6+ f6 37. Rb5 Rb1 38. Rxa5 Rxb3 39. Rb5 Ra3 40. a5 Ra1 41. Rc5 Ra2 42. Rb5 f5 43. Rb6+ Kh5 44. Rb5 Kg6 45. Rb6+ Kf7 46. a6 g4 {( -> ...g3+)} 47. hxg4 fxg4 48. Rb4 h3 49. Rxg4 hxg2 50. a7 Rxa7 51. Kxg2 {Accuracy: White = 91%, Black = 97%.} 1/2-1/2

[Event "18th Aeroflot Open-A 2020"]
[Site "Moscow"]
[Date "2020.02.24"]
[Round "6.17"]
[White "Durarbayli, Vasif"]
[Black "Suleymanli, Aydin"]
[Result "0-1"]
[WhiteElo "2625"]
[BlackElo "2474"]
[Annotator "TA"]
[PlyCount "81"]
[EventDate "2020.02.19"]
[EventType "swiss"]
[EventCountry "RUS"]
[SourceTitle "playchess.com"]
[Source "ChessBase"]
[SourceQuality "1"]

{[%evp 13,81,37,48,15,19,16,18,0,0,0,1,15,16,15,10,-21,-35,-57,-46,-114,-47,-124,-35,0,20,24,50,0,0,0,0,-32,-20,-69,-74,-238,-202,-256,-8,-13,-2,-69,-6,-7,-22,-10,0,-9,0,-263,-269,-274,-270,-255,-239,-253,-262,-231,-200,-202,0,-922,-908,-845,-886,-1132,-1120,-1099,-1063,-972]} 1. e4 c6 2. d4 d5 3. e5 Bf5 4. Nf3 e6 5. Be2 c5 6. Be3 Qb6 $1 {[%mdl 4] is more profitable than 6...cxd4 at the moment. Played by Vladislav Artemiev in January 2020.} 7. Nc3 Nc6 8. Na4 {B12: Caro-Kann: Advance Variation.} (8. O-O $5 {[%cal Rd4c5]}) 8... Qa5+ 9. c3 {[%cal Rd4c5]} c4 10. Nh4 {The position is equal.} b5 11. Nxf5 exf5 12. Nc5 Bxc5 13. dxc5 Nge7 {[#]} 14. b4 $146 ({Predecessor:} 14. O-O b4 15. Qc2 O-O 16. f4 Rab8 17. Bf3 bxc3 18. Qxc3 Qb5 19. Rf2 Rfd8 20. Rd2 h6 21. Rad1 Qa4 22. Ra1 Qb5 23. Rad1 Qa4 24. Ra1 {½-½ (24) Bartel,M (2600)-Admiraal,M (2504) Benasque 2019}) 14... Qa3 15. Qc2 d4 16. cxd4 (16. Bxd4 $15 Nxd4 17. cxd4) 16... Qxb4+ (16... f4 $17 17. Qc1 (17. Bxf4 Nxd4 18. Qd2 Rd8 $17) 17... Qxc1+ 18. Bxc1 Nxd4) 17. Qd2 (17. Kf1 $15 Rd8 18. Rb1) 17... a5 (17... Qxd2+ $17 18. Kxd2 O-O-O) 18. a4 $1 $15 {[%cal Ra4b5] Black must now prevent axb5.} f4 19. axb5 c3 20. Qd3 {And now Rb1 would win.} fxe3 21. fxe3 (21. bxc6 $2 c2+ 22. Kf1 Qb2 $19) 21... Qb2 $1 {[%cal Rb2a1]} 22. O-O Nb4 23. Qe4 O-O 24. Bc4 $2 (24. Bd3 $17 {was forced.} g6 25. Bc4) 24... c2 $1 $19 25. Rac1 Rad8 $2 ({Black should play} 25... a4 $1 $19 26. Bd3 g6) 26. Bd3 $1 $11 {[%csl Gd3][%cal Re4h7]} g6 $1 {next ...Ned5 is good for Black.} (26... Nxd3 $6 27. Qxd3 Qb4 28. Rxc2 $16) 27. b6 $1 {[%cal Rd3c2]} Ned5 ({Black should try} 27... Qa3 $1 $15 28. Bxc2 Ned5) 28. Bc4 $1 Qc3 29. Bxd5 $1 Rxd5 30. b7 {Hoping for e6.} Rb8 {aiming for ...Qc4.} 31. e6 $2 {[%mdl 8192]} (31. g4 $1 $11 {and White has nothing to worry.} Rd7 32. e6) 31... f5 $19 32. Rxc2 Qxc2 ({And not} 32... fxe4 33. Rxc3 Rxb7 34. c6 $16) 33. Qxc2 Nxc2 34. c6 Rb5 ({But not} 34... Nxe3 $2 35. c7 $18) 35. d5 {Strongly threatening d6.} Kg7 36. d6 {[#]} Kf6 $2 ({Avoid the trap} 36... Nxe3 $2 37. d7 $18) (36... Nb4 $1 $19 {[%cal Rb4c6]} 37. Rc1 {[#]} Nxc6 $1 {[%mdl 512]} 38. Rxc6 R5xb7) 37. d7 $2 {[%mdl 8192]} (37. e7 $11 R5xb7 38. cxb7) 37... Rc5 {Black is clearly winning.} 38. Rd1 Rd8 39. e4 Ke7 40. exf5 gxf5 41. Rd5 {Accuracy: White = 57%, Black = 66%.} 0-1

[Event "18th Aeroflot Open-A 2020"]
[Site "Moscow"]
[Date "2020.02.24"]
[Round "6.18"]
[White "Indjic, Aleksandar"]
[Black "Nesterov, Arseniy"]
[Result "1/2-1/2"]
[WhiteElo "2622"]
[BlackElo "2501"]
[Annotator "TA"]
[PlyCount "81"]
[EventDate "2020.02.19"]
[EventType "swiss"]
[EventCountry "RUS"]
[SourceTitle "playchess.com"]
[Source "ChessBase"]
[SourceQuality "1"]

{[%evp 13,81,10,20,16,26,31,20,10,27,0,0,0,0,-41,-8,0,65,96,87,75,91,75,62,62,106,100,131,80,107,63,63,63,60,52,52,54,57,52,62,63,63,59,55,36,63,59,85,0,66,63,48,51,51,0,0,0,0,0,0,0,0,0,126,0,0,0,-40,-101,0,0]} 1. d4 Nf6 2. c4 e6 3. Nc3 Bb4 4. Nf3 b6 5. Qb3 c5 6. Bg5 h6 7. Bh4 Nc6 8. d5 {E21: Nimzo-Indian: 4 Nf3.} Na5 9. Qc2 $1 exd5 10. cxd5 O-O 11. O-O-O {[#]} Bxc3 $146 ({Predecessor:} 11... g5 12. Bg3 Bxc3 13. bxc3 Re8 14. Nd2 d6 15. e4 a6 16. Be2 b5 17. h4 g4 {½-½ (25) Schenk,A (2325)-Tan,D (2203) Oropesa del Mar 2000}) 12. bxc3 Qe7 13. g4 Qe4 14. Bxf6 Qxc2+ (14... Qf4+ $11 {keeps the balance.} 15. Nd2 Qxf6) 15. Kxc2 $16 gxf6 16. e4 d6 17. Nh4 Bd7 18. Rb1 Kg7 19. Rg1 Rad8 20. c4 (20. Bb5 $142) 20... Rg8 21. Ng2 Kf8 22. Ne3 h5 {[%cal Rh5g4]} 23. Be2 hxg4 24. Kd3 {[%cal Re2g4]} ({Not} 24. Bxg4 Nxc4 25. Nxc4 Rxg4 $17) 24... Rh8 25. Bxg4 {aiming for h4.} Bxg4 26. Nxg4 Ke7 27. Rg3 $1 Rh5 28. Rf3 Rdh8 29. Rg1 Rg5 30. Rgg3 (30. h3 $16) 30... Rhh5 (30... a6 $1 $11) 31. Nxf6 Rxg3 32. hxg3 $14 {[%mdl 4096] Endgame KRN-KRN} Rh1 33. g4 ({Better is} 33. Ng4 $1 $14) 33... Rd1+ $11 34. Ke2 Rh1 $1 35. g5 {Threatens to win with Ng8+.} Nxc4 36. Ng8+ Ke8 37. Nh6 Ne5 (37... Rh4 $1 $11) 38. Ra3 (38. Rf6 $16) 38... a5 39. f4 Rh2+ 40. Kd1 {[#]} ({White should try} 40. Ke1 $1 $15 Nc4 41. Rc3) 40... Rh1+ (40... Nc4 $1 $17 {[%cal Rc4a3]} 41. Rc3 b5) 41. Kc2 {Accuracy: White = 69%, Black = 70%.} 1/2-1/2